[Event "Andalucia-ch U14"]
[Site "Huelva"]
[Date "2014.04.25"]
[Round "1.1"]
[White "Perez Garcia, Alejandro"]
[Black "Bautista Prados, Raul"]
[Result "1-0"]
[WhiteElo "2102"]
[BlackElo "1336"]
[PlyCount "49"]
[EventDate "2014.04.25"]
[EventType "swiss"]
[EventRounds "9"]
[EventCountry "ESP"]
[SourceTitle "EXT 2024"]
[Source "ChessBase"]
[SourceDate "2023.10.10"]
[SourceVersion "1"]
[SourceVersionDate "2023.10.10"]
[SourceQuality "1"]

1. c4 e5 2. Nc3 Nc6 3. g3 Nf6 4. Bg2 Be7 5. Nf3 d6 6. d4 exd4 7. Nxd4 Nxd4 8. Qxd4 c6 9. 0-0 0-0 10. e4 Ng4 11. Qd2 f5 12. b3 Bf6 13. h3 Ne5 14. f4 Ng6 15. Bb2 Be6 16. g4 Ne7 17. exf5 Bf7 18. g5 Bxc3 19. Qxc3 Nxf5 20. Be4 Bg6 21. Bxf5 Qc7 22. Be6+ Kh8 23. f5 Bh5 24. f6 gxf6 25. Rxf6 1-0